000 00590nam a22001937a 4500
008 151124b xxu||||| |||| 00| 0 eng d
020 _a0824774922
041 0 _aeng
080 _a621.333
100 1 _aYamamura, Sakae,
245 1 0 _aAC motors for high-performance applications :
_cSakae Yamamura.
260 _aNew York :
_bDekker,
_cc1986.
300 _aviii, 215 f. :
_bme ill. ;
_c24 cm.
490 1 _aElectrical engineering and electronics ;
_v30
650 0 _aMotorët elektrikë
650 0 _aRryma alternative
650 0 _aElektronika
942 _2udc
_cBK
999 _c1381
_d1381